000 00718nam a2200241 a 4500
001 BRCA_5046
005 20190320204922.0
008 051110s1926----enka######---#000-0#eng-#
041 _aeng
044 _aenk
050 4 _aND588.D8
_b.D64 1926
100 1 _aDodgson, Campbell
_912884
245 1 0 _aAlbrecht Dürer
_cby Campbell Dodgson.
260 _aGran Bretaña
_bThe Medici Society
_c1926
300 _axii, 145 p.
_bil.
_c25 cm.
500 _aIncluye índice de materias, abreviaturas, y reseña de la biografía de Durero
500 _aEdición con cantos dorados
500 _aD133
600 1 4 _aDurero, Alberto
_d1471-1528
_910301
650 1 4 _aPintores alemanes
_9797
902 _aGFM
942 _2lcc
_cB
999 _c4740
_d4740